=LDR 00000nam 2200000 4500 =001 INLIS000000000054756 =005 20200224072112 =035 ##$$a 0010-0220000318 =007 ta =008 200224###########################0#ind## =020 ##$$a 978-602-6328-22-9 =082 ##$$a 153.42 =084 ##$$a 153.42 Ind o =245 1#$$a Open your mind : $b petikan inspirasi tentang hidup /$c indah Riyanti Putri, Carolina Rtri =250 ##$$a Cet 1 =300 ##$$a viii, 168 halaman : $b Ilustrasi ; $c 24 Cm. =650 #4$$a bertrpikir kreatif =700 #$$a Editor ; Antik M =264 ##$$a Solo :$b Metagraf,$c 2016 =336 ##$$a teks$2 rdacontent =337 ##$$a lain-lain$2 rdamedia =338 ##$$a lain-lain$2 rdacarrier =990 ##$$a 12831283 =990 ##$$a 12831283 =990 ##$$a 3202001284 =990 ##$$a 3202001283